Effect of low winter temperature on growth and yield of Hevea clones (Record no. 52261)

MARC details
000 -LEADER
fixed length control field 00519nam a2200145Ia 4500
100 ## - MAIN ENTRY--AUTHOR NAME
Personal name Das G.
245 #0 - TITLE STATEMENT
Title Effect of low winter temperature on growth and yield of Hevea clones
260 ## - PUBLICATION, DISTRIBUTION, ETC. (IMPRINT)
Name of publisher International Workshop on Climate Change and Rubber Cultivation: R & D Priorities, 28-30 July 2010, Rubber Research Institute of India, Kottayam, pp. 40-42
Year of publication 2010
700 ## - ADDED ENTRY--PERSONAL NAME
Personal name Chaudhury D.
700 ## - ADDED ENTRY--PERSONAL NAME
Personal name Gohain T.
700 ## - ADDED ENTRY--PERSONAL NAME
Personal name Meti S.
700 ## - ADDED ENTRY--PERSONAL NAME
Personal name Singh R.S.
942 ## - ADDED ENTRY ELEMENTS (KOHA)
Koha item type Bibliography STAF
Holdings
Withdrawn status Lost status Damaged status Not for loan Home library Current library Date acquired Koha item type
      Bibliography RRII Library RRII Library 13/08/2010 Bibliography STAF